[Event "Steinfurt Bezirksliga 0809"]
[Site "Germany"]
[Date "2009.04.04"]
[Round "8.2"]
[White "Wehmeier, Sven"]
[Black "Ross, Matthias"]
[Result "0-1"]
[WhiteElo "1751"]
[BlackElo "1825"]
[PlyCount "87"]
[EventDate "2008.09.27"]
[EventType "team-tourn"]
[EventRounds "9"]
[EventCountry "GER"]
[SourceTitle "EXT 2010"]
[Source "ChessBase"]
[SourceDate "2010.11.25"]
[SourceVersion "1"]
[SourceVersionDate "2010.11.25"]
[SourceQuality "1"]
[WhiteTeam "Emsdetten Turm III"]
[BlackTeam "Neuenkirchen II"]
[WhiteTeamCountry "GER"]
[BlackTeamCountry "GER"]

1. e4 c5 2. Nf3 d6 3. d4 cxd4 4. Nxd4 Nf6 5. Nc3 g6 6. Be2 Bg7 7. 0-0 0-0 8. a4 Nc6 9. Be3 Bd7 10. f3 a6 11. Qd2 Rc8 12. Nb3 Ne5 13. Qd4 Nc6 14. Qb6 Qxb6 15. Bxb6 Nb4 16. Rfc1 Be6 17. Nd4 Bc4 18. Ba5 Bxe2 19. Bxb4 Bc4 20. b3 Nxe4 21. fxe4 Bxd4+ 22. Kh1 Be6 23. Nd5 Bxd5 24. c3 Bxc3 25. Rxc3 Rxc3 26. Bxc3 Bxe4 27. Re1 f5 28. Kg1 Rc8 29. Rc1 d5 30. a5 d4 31. Bb2 Rxc1+ 32. Bxc1 e5 33. g3 Kf7 34. Kf2 Ke6 35. h4 Kd5 36. Ke2 Bc2 37. b4 Kc4 38. Bd2 e4 39. Be1 h6 40. Bd2 e3 41. Be1 g5 42. hxg5 hxg5 43. Kf3 Bd1+ 44. Kg2 0-1

[Event "NRW Class1 0809"]
[Site "Germany"]
[Date "2008.11.09"]
[Round "3.8"]
[White "Lehmann, Martin"]
[Black "Ross, Matthias"]
[Result "0-1"]
[WhiteElo "1978"]
[BlackElo "2044"]
[PlyCount "54"]
[EventDate "2008.09.21"]
[EventType "tourn"]
[EventRounds "9"]
[EventCountry "GER"]
[SourceTitle "EXT 2010"]
[Source "ChessBase"]
[SourceDate "2010.11.25"]
[SourceVersion "1"]
[SourceVersionDate "2010.11.25"]
[SourceQuality "1"]
[WhiteTeam "Brackweda"]
[BlackTeam "Neuenkirchen"]
[WhiteTeamCountry "GER"]
[BlackTeamCountry "GER"]

1. e4 c5 2. Nc3 d6 3. f4 Nc6 4. g3 g6 5. Bg2 Bg7 6. d3 e6 7. Nh3 Nge7 8. 0-0 0-0 9. Rb1 Nd4 10. Ne2 f5 11. c3 Nxe2+ 12. Qxe2 Bd7 13. exf5 exf5 14. Bxb7 Rb8 15. Bg2 Re8 16. Bd2 h6 17. Rfe1 Kh7 18. Nf2 Nd5 19. Qf1 Rxe1 20. Qxe1 Qg8 21. Qc1 Qe6 22. Bf3 Bc6 23. Nd1 Nxf4 24. Bxf4 Qe1+ 25. Kg2 Qe2+ 26. Kg1 Qxf3 27. Qd2 Re8 0-1

[Event "NRW Class1 0708"]
[Site "Germany"]
[Date "2007.12.09"]
[Round "4.7"]
[White "Ross, Matthias"]
[Black "Kaeding, Rainer"]
[Result "0-1"]
[WhiteElo "2080"]
[BlackElo "2176"]
[PlyCount "88"]
[EventDate "2007.09.16"]
[EventType "team-tourn"]
[EventRounds "9"]
[EventCountry "GER"]
[SourceTitle "EXT 2009"]
[Source "ChessBase"]
[SourceDate "2008.11.26"]
[SourceVersion "1"]
[SourceVersionDate "2008.11.26"]
[SourceQuality "1"]
[WhiteTeam "Neuenkirchen"]
[BlackTeam "Castrop Rauxel"]
[WhiteTeamCountry "GER"]
[BlackTeamCountry "GER"]

1. e4 c5 2. Nf3 e6 3. c3 d5 4. e5 Qb6 5. d4 Bd7 6. Bd3 Bb5 7. 0-0 Nc6 8. dxc5 Bxc5 9. b4 Bf8 10. Bxb5 Qxb5 11. Na3 Qb6 12. Be3 Qd8 13. Qa4 Qd7 14. b5 Nce7 15. Rfd1 Nf5 16. Nc4 Rc8 17. Ncd2 Nxe3 18. fxe3 Bc5 19. Qg4 Bxe3+ 20. Kh1 f5 21. Qg3 Rxc3 22. Qe1 Bxd2 23. Qxd2 Rc5 24. Qe3 b6 25. Nd4 Ne7 26. a4 0-0 27. a5 f4 28. Qb3 Nf5 29. Nc6 Ne3 30. Rdc1 Rxc1+ 31. Rxc1 bxa5 32. Nxa5 Qd8 33. Nc6 Qg5 34. Rg1 Ng4 35. Qf3 Nxe5 36. Qh3 Ng4 37. Rf1 Rf6 38. Qa3 Ne3 39. Rf2 Qh4 40. Qe7 Qh5 41. Qd8+ Rf8 42. Ne7+ Kf7 43. Rxf4+ Nf5 44. Rxf5+ Qxf5 0-1

[Event "Muensterland Verbandsliga 0607"]
[Site "Germany"]
[Date "2007.04.14"]
[Round "8.8"]
[White "Sandmann, Daniel"]
[Black "Ross, Matthias"]
[Result "1/2-1/2"]
[WhiteElo "1742"]
[BlackElo "2080"]
[PlyCount "50"]
[EventDate "2006.09.16"]
[EventType "team-tourn"]
[EventRounds "9"]
[EventCountry "GER"]
[SourceTitle "EXT 2008"]
[Source "ChessBase"]
[SourceDate "2007.11.25"]
[SourceVersion "1"]
[SourceVersionDate "2007.11.25"]
[SourceQuality "1"]
[WhiteTeam "Olfen"]
[BlackTeam "Neuenkirchen"]
[WhiteTeamCountry "GER"]
[BlackTeamCountry "GER"]

1. e4 c5 2. Nf3 d6 3. c3 Nf6 4. Qc2 Nc6 5. Be2 g6 6. d4 cxd4 7. cxd4 e6 8. Bg5 Qa5+ 9. Bd2 Qb6 10. Bc3 Bg7 11. Nbd2 0-0 12. 0-0 Bd7 13. Nc4 Qc7 14. Ne3 Rac8 15. Bd3 Nh5 16. Qd2 e5 17. Nd5 Qd8 18. dxe5 dxe5 19. Bc2 Bg4 20. Ne1 Ne7 21. Bb4 Nxd5 22. Bxf8 Bxf8 23. Qxd5 Qxd5 24. exd5 Be2 25. Bb3 Bh6 1/2-1/2

[Event "Muensterland Verbandsliga 0506"]
[Site "Germany"]
[Date "2006.02.18"]
[Round "7.5"]
[White "Ross, Matthias"]
[Black "Weber, Hubert"]
[Result "1/2-1/2"]
[WhiteElo "2090"]
[BlackElo "1933"]
[PlyCount "81"]
[EventDate "2005.08.27"]
[EventType "team-tourn"]
[EventRounds "9"]
[EventCountry "GER"]
[SourceTitle "EXT 2006"]
[Source "ChessBase"]
[SourceDate "2005.11.24"]
[SourceVersion "1"]
[SourceVersionDate "2005.11.24"]
[SourceQuality "1"]
[WhiteTeam "Neuenkirchen"]
[BlackTeam "Olfen"]
[WhiteTeamCountry "GER"]
[BlackTeamCountry "GER"]

1. e4 d6 2. Nf3 e5 3. d4 exd4 4. c3 Nf6 5. Bc4 Be7 6. 0-0 0-0 7. e5 dxe5 8. Nxe5 dxc3 9. Qb3 Qe8 10. Nxc3 c6 11. Re1 b5 12. Bxf7+ Rxf7 13. Nxf7 Qxf7 14. Rxe7 Qxb3 15. axb3 Nbd7 16. Bg5 a5 17. Rd1 Kf8 18. Bxf6 Nxf6 19. Rc7 Be6 20. Rxc6 Bxb3 21. Re1 b4 22. Nb5 a4 23. Nc7 Ra7 24. Ne6+ Kf7 25. Ng5+ Kg6 26. Ne4 a3 27. bxa3 bxa3 28. Nxf6 gxf6 29. f3 a2 30. Rcc1 Bf7 31. Kf2 Rb7 32. Ra1 Kf5 33. Re2 Ra7 34. g4+ Kg5 35. Kg3 Ra3 36. h4+ Kg6 37. Kf4 Bd5 38. h5+ Kf7 39. Re3 Ra4+ 40. Kg3 h6 41. f4 1/2-1/2

[Event "Bad Woerishofen op 19th"]
[Site "Bad Woerishofen"]
[Date "2003.03.16"]
[Round "4"]
[White "Schlierf, Andre"]
[Black "Ross, Matthias"]
[Result "1/2-1/2"]
[WhiteElo "2107"]
[BlackElo "1796"]
[PlyCount "77"]
[EventDate "2003.03.13"]
[EventType "swiss"]
[EventRounds "9"]
[EventCountry "GER"]
[SourceTitle "CBM 093 Extra"]
[Source "ChessBase"]
[SourceDate "2003.05.09"]
[SourceVersion "1"]
[SourceVersionDate "2003.05.09"]
[SourceQuality "1"]

1. c4 e5 2. Nc3 f5 3. e4 Nf6 4. d3 c6 5. Nf3 d6 6. Be2 Be7 7. 0-0 0-0 8. Qc2 Na6 9. d4 fxe4 10. Nxe4 Nxe4 11. Qxe4 Bf5 12. Qe3 Nb4 13. Ne1 exd4 14. Qxd4 Kh8 15. Bf4 Qe8 16. a3 c5 17. Qd2 Nc6 18. Bd3 Nd4 19. Rd1 Qg6 20. Bxf5 Rxf5 21. Be3 Bf6 22. Bxd4 Bxd4 23. Nc2 Be5 24. Ne3 Rf4 25. g3 Raf8 26. Qd5 b6 27. Ng2 Rd4 28. Rxd4 Bxd4 29. Nf4 Qf7 30. Ne6 Re8 31. Nxd4 Qxd5 32. cxd5 cxd4 33. Rd1 Re2 34. b3 Rb2 35. Rd3 g6 36. b4 Ra2 37. Kg2 Kg7 38. Kf3 Kf6 39. Ke4 1/2-1/2

[Event "Muensterland Verbandsliga 0203"]
[Site "Muensterland"]
[Date "2003.03.08"]
[Round "7.8"]
[White "Ross, Matthias"]
[Black "Brinkmann, Franz Josef"]
[Result "1-0"]
[WhiteElo "1772"]
[BlackElo "1701"]
[PlyCount "159"]
[EventDate "2002.09.21"]
[EventType "team-tourn"]
[EventRounds "9"]
[EventCountry "GER"]
[SourceTitle "EXT 2004"]
[Source "ChessBase"]
[SourceDate "2003.11.25"]
[SourceVersion "1"]
[SourceVersionDate "2003.11.25"]
[SourceQuality "1"]
[WhiteTeam "Neuenkirchen"]
[BlackTeam "Rheine CC"]
[WhiteTeamCountry "GER"]
[BlackTeamCountry "GER"]

1. e4 c5 2. Nf3 e6 3. d4 cxd4 4. c3 dxc3 5. Nxc3 d6 6. Bf4 a6 7. Be2 Be7 8. 0-0 g5 9. Be3 g4 10. Nd4 h5 11. f3 Nf6 12. fxg4 hxg4 13. Bxg4 Nc6 14. Nxc6 bxc6 15. Rc1 Rg8 16. Bh3 Bd7 17. Kh1 e5 18. Bxd7+ Qxd7 19. Na4 Rb8 20. Nb6 Qb7 21. Qa4 Ng4 22. Rxc6 Kf8 23. Qc4 Bd8 24. Bg1 Qe7 25. Rc8 Rxc8 26. Qxc8 Qg5 27. Rf5 Qe7 28. Nd5 Qe8 29. Qxa6 Rg6 30. Rh5 Kg7 31. Qc8 Qb5 32. h3 Nf2+ 33. Kh2 Qe2 34. Qf5 Nxe4 35. Qf3 Qc2 36. Ne3 Qb1 37. a4 Kg8 38. Nf5 Ng5 39. Qa8 Ne6 40. Ne7+ Kg7 41. Nxg6 Qxg6 42. Qf3 Nf4 43. g4 Qc2+ 44. Kh1 Qc1 45. Qf2 Qc6+ 46. Kh2 Bb6 47. Rg5+ Kf8 48. Qd2 Ba5 49. b4 Bxb4 50. Qb2 Qf3 51. Rh5 Ne2 52. Qb1 Ng3 53. Rf5 Nxf5 54. Qxf5 Qxf5 55. gxf5 Ba5 56. Kg3 Kg7 57. Ba7 d5 58. Bb8 Kf6 59. Kg4 d4 60. Ba7 d3 61. Kf3 Kxf5 62. Ke3 e4 63. Bc5 Kg6 64. Bd6 f5 65. Ba3 Kh5 66. Bc1 Kh4 67. Bd2 Bb6+ 68. Kf4 Kxh3 69. a5 Ba7 70. Be3 Bb8+ 71. Kxf5 Kg2 72. Kxe4 Kg3 73. Kxd3 Kf3 74. Bb6 Kg4 75. Kd4 Kf4 76. Kd5 Kf5 77. Kc6 Ke6 78. a6 Ke7 79. Kb7 Kd7 80. Kxb8 1-0

[Event "Oberliga NRW 9899 II"]
[Site "Germany"]
[Date "1999.??.??"]
[Round "8.8"]
[White "Ross, Matthias"]
[Black "Thiemonds, Uli"]
[Result "1-0"]
[WhiteElo "1733"]
[BlackElo "2126"]
[PlyCount "79"]
[EventDate "1998.10.10"]
[EventType "team-tourn"]
[EventRounds "9"]
[EventCountry "GER"]
[SourceTitle "EXT 2000"]
[Source "ChessBase"]
[SourceDate "1999.11.16"]
[SourceVersion "1"]
[SourceVersionDate "1999.11.16"]
[SourceQuality "1"]
[WhiteTeam "Neuenkirchen"]
[BlackTeam "Koeln Porz III"]
[WhiteTeamCountry "GER"]
[BlackTeamCountry "GER"]

1. e4 e6 2. d4 d5 3. e5 c5 4. c3 Nc6 5. Nf3 Nh6 6. Be2 Qb6 7. 0-0 cxd4 8. cxd4 Nf5 9. Nc3 Nfxd4 10. Bf4 Bd7 11. Qd2 Bb4 12. a3 Bxc3 13. bxc3 Nb3 14. Qc2 Nxa1 15. Rxa1 Rc8 16. Rb1 Qc7 17. h3 Na5 18. Rc1 Nc4 19. Ra1 Nb6 20. Rc1 Ba4 21. Qb1 Nc4 22. Bd3 h6 23. h4 b5 24. g4 Qc5 25. g5 hxg5 26. hxg5 Rc7 27. g6 Nxa3 28. Qb2 0-0 29. Ng5 Qe7 30. Qe2 fxg6 31. Bxg6 Rxf4 32. Qh5 Rg4+ 33. Qxg4 Bc2 34. Rxc2 Rc4 35. Qh5 Qd7 36. Bf7+ Kf8 37. Nxe6+ Ke7 38. Qg5+ Kxf7 39. Qxg7+ Kxe6 40. Qf6# 1-0